[Event "NOR-chT Eliteserien 2021-22"]
[Site "Norway"]
[Date "2022.02.06"]
[Round "6.10"]
[White "Royset, Pal"]
[Black "Lindbol, Aleksander"]
[Result "0-1"]
[WhiteElo "2146"]
[BlackElo "2222"]
[Annotator "ChessBase"]
[PlyCount "212"]
[EventDate "2021.10.29"]
[EventType "team-tourn"]
[EventCountry "NOR"]
[SourceTitle "playchess.com"]
[Source "ChessBase"]
[SourceQuality "1"]
[TimeControl "40/5400+30:1800+30"]

1. e4 {[%emt 0:00:34]} c6 {[%emt 0:00:21]} 2. d4 {[%emt 0:00:53]} d5 {[%emt 0:00:18]} 3. e5 {[%emt 0:00:11]} c5 {[%emt 0:01:06]} 4. c3 {[%emt 0:00:46]} Nc6 {[%emt 0:00:10]} 5. Nf3 {[%emt 0:00:14]} cxd4 {[%emt 0:00:37]} 6. cxd4 {[%emt 0:00:19]} Bg4 {[%emt 0:00:10]} 7. Be2 {[%emt 0:03:31]} e6 {[%emt 0:02:18]} 8. Nbd2 {[%emt 0:03:06]} Qb6 {[%emt 0:02:55]} 9. O-O {[%emt 0:02:48]} Nge7 {[%emt 0:02:01]} 10. Qa4 {[%emt 0:04:51]} Nf5 {[%emt 0:22:59]} 11. Rd1 {[%emt 0:04:13]} Qb4 {[%emt 0:11:43]} 12. Qxb4 {[%emt 0:02:25]} Bxb4 {[%emt 0:00:48]} 13. h3 {[%emt 0:01:10]} Bxd2 {[%emt 0:02:00]} 14. hxg4 {[%emt 0:00:14]} Bxc1 {[%emt 0:00:03]} 15. gxf5 {[%emt 0:02:05]} Bh6 {[%emt 0:19:23]} 16. fxe6 {[%emt 0:05:29]} fxe6 {[%emt 0:00:07]} 17. Ne1 {[%emt 0:07:26]} a6 {[%emt 0:02:03]} 18. Bg4 {[%emt 0:04:06]} Ke7 {[%emt 0:02:28]} 19. b4 {[%emt 0:02:18]} Rac8 {[%emt 0:12:09]} 20. a3 {[%emt 0:04:16]} Na7 {[%emt 0:04:03]} 21. Rd3 {[%emt 0:08:56]} Rc4 {[%emt 0:01:34]} 22. g3 {[%emt 0:02:58]} Nc6 {[%emt 0:02:31]} 23. Nf3 {[%emt 0:01:54]} Rf8 {[%emt 0:00:56]} 24. Ra2 {[%emt 0:02:30]} Na7 {[%emt 0:00:52]} 25. Kg2 {[%emt 0:03:39]} Rfc8 {[%emt 0:00:47]} 26. Ne1 {[%emt 0:07:18]} Nb5 {[%emt 0:00:49]} 27. Nf3 {[%emt 0:00:05]} Rc3 {[%emt 0:04:35]} 28. Rxc3 {[%emt 0:03:24]} Rxc3 {[%emt 0:00:02]} 29. a4 {[%emt 0:01:00]} Ra3 {[%emt 0:00:04]} 30. Rxa3 {[%emt 0:03:38]} Nxa3 {[%emt 0:00:05]} 31. Kf1 {[%emt 0:02:54]} Nc2 {[%emt 0:01:01]} 32. b5 {[%emt 0:00:31]} axb5 {[%emt 0:00:48]} 33. axb5 {[%emt 0:00:05]} b6 {[%emt 0:00:36]} 34. Ke2 {[%emt 0:00:46]} Na3 {[%emt 0:00:21]} 35. Kd3 {[%emt 0:01:10]} Nxb5 {[%emt 0:01:32]} 36. Ne1 {[%emt 0:01:27]} g6 {[%emt 0:01:26]} 37. f4 {[%emt 0:01:17]} Kd7 {[%emt 0:00:50]} 38. Bh3 {[%emt 0:02:01]} Nc7 {[%emt 0:00:26]} 39. Kc3 {[%emt 0:02:58]} Nb5+ {[%emt 0:00:52]} 40. Kd3 {[%emt 0:00:07]} Nc7 {[%emt 0:00:03]} 41. Kc3 {[%emt 0:32:50]} Bf8 {[%emt 0:05:50]} 42. Nf3 {[%emt 0:00:00]} b5 {[%emt 0:03:58]} 43. Bf1 {[%emt 0:00:00]} Be7 {[%emt 0:00:18]} 44. Bd3 {[%emt 0:00:00]} Kc6 {[%emt 0:01:13]} 45. g4 {[%emt 0:00:00]} Na8 {[%emt 0:04:21]} 46. g5 {[%emt 0:00:00]} Kb6 {[%emt 0:04:30]} 47. Nh2 {[%emt 0:00:00]} Nc7 {[%emt 0:01:37]} 48. Ng4 {[%emt 0:00:00]} Ne8 {[%emt 0:00:39]} 49. Kb3 {[%emt 0:00:00]} Ka5 {[%emt 0:00:50]} 50. Bb1 {[%emt 0:00:00]} b4 {[%emt 0:04:21]} 51. Bd3 {[%emt 0:00:00]} Kb6 {[%emt 0:03:36]} 52. Ka4 {[%emt 0:00:00]} Bf8 {[%emt 0:01:45]} 53. Bc2 {[%emt 0:00:00]} Kc7 {[%emt 0:04:37]} 54. Bd3 {[%emt 0:00:00]} Be7 {[%emt 0:00:06]} 55. Kb3 {[%emt 0:04:41]} Kd8 {[%emt 0:00:28]} 56. Nh6 {[%emt 0:05:09]} Ng7 {[%emt 0:00:48]} 57. Ng8 {[%emt 0:01:09]} Nh5 {[%emt 0:00:58]} 58. Nxe7 {[%emt 0:00:43]} Kxe7 {[%emt 0:00:04]} 59. Kxb4 {[%emt 0:00:23]} Nxf4 {[%emt 0:00:02]} 60. Bf1 {[%emt 0:00:09]} Nh5 {[%emt 0:00:58]} 61. Kc3 {[%emt 0:02:08]} Ng3 {[%emt 0:00:14]} 62. Bg2 {[%emt 0:00:26]} Ne2+ {[%emt 0:00:12]} 63. Kd2 {[%emt 0:00:22]} Nxd4 {[%emt 0:00:05]} 64. Ke3 {[%emt 0:00:03]} Nf5+ {[%emt 0:01:29]} 65. Kf4 {[%emt 0:00:05]} Kd7 {[%emt 0:01:10]} 66. Bf1 {[%emt 0:00:12]} Kc6 {[%emt 0:00:22]} 67. Ba6 {[%emt 0:00:32]} Ne7 {[%emt 0:00:39]} 68. Ke3 {[%emt 0:01:41]} Kc5 {[%emt 0:00:26]} 69. Kf4 {[%emt 0:00:18]} Kd4 {[%emt 0:00:12]} 70. Bb7 {[%emt 0:00:10]} Kc3 {[%emt 0:00:12]} 71. Ba6 {[%emt 0:00:20]} d4 {[%emt 0:00:05]} 72. Ke4 {[%emt 0:00:28]} Nd5 {[%emt 0:00:19]} 73. Bb5 {[%emt 0:01:26]} Nb4 {[%emt 0:00:18]} 74. Bd7 {[%emt 0:00:22]} d3 {[%emt 0:00:09]} 75. Bxe6 {[%emt 0:00:07]} d2 {[%emt 0:00:10]} 76. Bg4 {[%emt 0:00:16]} Kc4 {[%emt 0:03:00]} 77. e6 {[%emt 0:01:05]} Nc6 {[%emt 0:00:05]} 78. Bf3 {[%emt 0:02:52]} Kc5 {[%emt 0:00:46]} 79. Ke3 {[%emt 0:01:01]} Kd6 {[%emt 0:00:04]} 80. Kxd2 {[%emt 0:00:13]} Ne5 {[%emt 0:00:04]} 81. Bd1 {[%emt 0:00:40]} Kxe6 {[%emt 0:00:15]} 82. Ke3 {[%emt 0:00:34]} Kf5 {[%emt 0:00:10]} 83. Bb3 {[%emt 0:00:48]} Kxg5 {[%emt 0:00:06]} 84. Ke4 {[%emt 0:00:10]} Ng4 {[%emt 0:00:05]} 85. Be6 {[%emt 0:00:15]} h5 {[%emt 0:00:06]} 86. Kf3 {[%emt 0:00:21]} Nf6 {[%emt 0:00:29]} 87. Kg3 {[%emt 0:00:17]} Ne4+ {[%emt 0:00:24]} 88. Kh3 {[%emt 0:00:26]} Kf6 {[%emt 0:00:10]} 89. Bd5 {[%emt 0:00:10]} Nd6 {[%emt 0:00:04]} 90. Bf3 {[%emt 0:00:14]} Nf5 {[%emt 0:00:14]} 91. Bd1 {[%emt 0:00:19]} Kg5 {[%emt 0:00:04]} 92. Be2 {[%emt 0:00:26]} Kf4 {[%emt 0:00:19]} 93. Bd1 {[%emt 0:00:14]} h4 {[%emt 0:00:08]} 94. Be2 {[%emt 0:00:24]} Nd4 {[%emt 0:01:36]} 95. Bg4 {[%emt 0:00:20]} g5 {[%emt 0:00:05]} 96. Bc8 {[%emt 0:00:04]} Nf5 {[%emt 0:00:05]} 97. Bb7 {[%emt 0:00:22]} g4+ {[%emt 0:00:04]} 98. Kh2 {[%emt 0:00:03]} Kg5 {[%emt 0:00:39]} 99. Be4 {[%emt 0:00:16]} Ne7 {[%emt 0:00:08]} 100. Bb7 {[%emt 0:00:09]} Ng6 {[%emt 0:00:05]} 101. Bc6 {[%emt 0:00:32]} Nf4 {[%emt 0:00:07]} 102. Bb7 {[%emt 0:00:13]} g3+ {[%emt 0:00:05]} 103. Kg1 {[%emt 0:00:15]} h3 {[%emt 0:03:55]} 104. Bc6 {[%emt 0:00:14]} Nd3 {[%emt 0:00:06]} 105. Kf1 {[%emt 0:00:45]} Nf2 {[%emt 0:00:05]} 106. Bd5 {[%emt 0:01:06]} Kf4 {[%emt 0:00:04]} 0-1

[Event "NOR-chT Eliteserien 2021-22"]
[Site "Norway"]
[Date "2022.02.06"]
[Round "6.11"]
[White "Gjestemoen-VonHirsch, Andre"]
[Black "Kaasen, Tor Fredrik"]
[Result "0-1"]
[WhiteElo "2243"]
[BlackElo "2458"]
[Annotator "TA"]
[PlyCount "102"]
[EventDate "2021.10.29"]
[EventType "team-tourn"]
[EventCountry "NOR"]
[SourceTitle "playchess.com"]
[Source "ChessBase"]
[SourceQuality "1"]

{[%evp 11,102,31,45,29,23,20,48,25,45,16,31,34,17,16,18,18,42,24,21,-62,-74,-73,-65,-93,-81,-140,-94,-191,-178,-185,-179,-173,-181,-197,-163,-215,-239,-301,-291,-278,-285,-398,-316,-487,-175,-178,-134,-124,-81,-127,-64,-197,0,-174,118,139,127,0,0,-110,-87,-87,-87,-95,-95,-95,-95,-95,0,0,0,-254,-240,-791,-626,-762,-728,-693,-673,-752,-701,-850,-916,-869,-870,-1059,-954,-4834,-4789,-29964,-29956,-4774,-4497]} 1. e4 c5 2. Nf3 Nc6 3. d4 cxd4 4. Nxd4 Nf6 5. Nc3 d6 6. Bg5 Bd7 7. Nxc6 {B60: Sicilian: Richter-Rauzer: Unusual Black 6th moves and 6...Bd7 without 7 Qd2.} bxc6 8. Bc4 Qa5 9. Bd2 {[#] White is slightly better.} e6 $146 ({Predecessor:} 9... Qc7 10. Bb3 g6 11. O-O Bg7 12. h3 O-O 13. Qe2 a5 14. Rfe1 Ne8 15. Rad1 Qb8 {0-1 (49) Bauer,A-Francois,G (1618) Pau 2015}) 10. Qe2 Qc7 11. O-O-O Be7 12. Bf4 e5 13. Bg5 Be6 14. h4 O-O 15. g4 (15. Kb1 $11) 15... Bxg4 $15 16. f3 Be6 17. Rdg1 Kh8 18. Bd3 (18. Bxe6 $142 fxe6 19. Qg2) 18... d5 (18... Rab8 $142 19. b3 Nh5) 19. Qg2 (19. exd5 $17 cxd5 20. h5) 19... Rg8 $19 20. f4 d4 (20... exf4 21. exd5 cxd5 22. Qf3 $17) 21. Ne2 c5 (21... Bxa2 22. fxe5 Qxe5 23. Qg3 $17) 22. c4 Rab8 {White must now prevent ...Qa5.} 23. fxe5 (23. Kb1 {was worth a try.}) 23... Ng4 (23... Qxe5 $2 24. Bf4 Qh5 25. Bxb8 $18) 24. Bxe7 Qxe7 (24... Nxe5 $2 25. Qg3 f6 26. h5 $17) 25. Nf4 Nxe5 26. b3 Qc7 {[%cal Oe6c4]} 27. Qg5 (27. Qh2 $142) 27... Nxd3+ $2 (27... a5 {[%cal Oa5a4] And now ...a4! would win.} 28. Rg2 a4) 28. Nxd3 {[#]} Qa5 (28... Bxc4 $1 $19 {[%mdl 512]} 29. Qxc5 (29. bxc4 $2 Qa5 $19) 29... Qxc5 30. Nxc5 Rgc8 $1) 29. Qd2 $17 Qa3+ ({Black should play} 29... Qb6 {[%cal Oe6c4] Hoping for ...Bxc4!} 30. Qf2 Bxc4 $1 {[%mdl 512]}) 30. Kd1 (30. Qb2 $142 Qa5 31. Rg5) 30... Rb6 ({Black should try} 30... Rb7 $17 {[%cal Oe6c4]} 31. Qb2 Qa5) 31. Rh2 {[#]} (31. Rg3 $1 $15) 31... a5 $2 (31... Bxc4 $1 $19 {[%mdl 512]} 32. Qc1 Rxb3 $1 {[%mdl 512]} 33. axb3 Qxb3+ 34. Qc2 Qxd3+ 35. Qxd3 Bxd3) 32. h5 $2 {[#]} (32. Rg3 $11) 32... h6 $2 (32... Bxc4 $1 $19 {[%mdl 512]} 33. Qb2 Qxb2 34. Nxb2 Be6) 33. Rhg2 $16 {[%cal Od2h6] Threatening mate with Qxh6+!} Kh7 34. Qf4 (34. Rg3 $1 $16 {Strongly threatening Qg2.} Bxc4 35. bxc4) 34... Bxc4 $1 $11 35. Qe5 {[#]} Bxb3+ $1 36. Ke1 {[%cal Rg2g7] [#]} f6 $1 37. Qc7 {[%cal Rg2g7] [#]} (37. Qe7 Bf7) 37... Bf7 $1 38. Qxf7 {[%cal Rg2g7]} Qc3+ 39. Kf2 {[%cal Rg2g7]} ({Don't go for} 39. Rd2 $2 Rb1+ 40. Ke2 Rxg1 $19) 39... Qd2+ {Chess con chili.} (39... Kh8 $17 40. Qxg8+ Kxg8 41. Rxg7+ Kf8 42. Rg8+ Kf7 43. R1g7+ Ke6 44. Re8+ Kd6 45. Rd8+ Ke6 46. Re8+ Kd6 47. Rd8+ Kc6 48. Rc8+ Kb5 49. Rxc5+ Qxc5 50. a4+ Kc4 51. Nxc5 Rb2+ 52. Kf3 Kxc5) 40. Kg3 Qxd3+ $40 {[%mdl 128] Black has some attack.} 41. Kh2 $2 {[%mdl 8192]} (41. Kh4 $1 $11 {and White is okay.} Kh8 42. Rxg7 Qxe4+ 43. R1g4 Qe1+ 44. Kh3 Qf1+ 45. Kh4 Qh1+ 46. Kg3 Qg1+ 47. Kh3 Qh1+ 48. Kg3 Qg1+ 49. Kh3 Qh1+ 50. Kg3) 41... Kh8 $19 42. Qd5 (42. Rxg7 Rb2+ 43. R1g2 Rxg2+ 44. Rxg2 Rxg2+ 45. Kxg2) 42... Qf3 43. Rg3 Qf4 44. Kh3 Qe5 45. Rc1 Rc8 {[%cal Oc5c4]} 46. Ra3 Qxd5 47. exd5 Rd6 48. Rxa5 Rxd5 {Threatens to win with ...d3.} 49. Kh4 d3 {[%cal Bd4d3,Bd3d2][%mdl 32] ( -> ...d2)} 50. Ra3 d2 51. Rd1 Re8 {Weighted Error Value: White=0.85/Black=0.40} 0-1

[Event "NOR-chT Eliteserien 2021-22"]
[Site "Norway"]
[Date "2022.02.06"]
[Round "6.11"]
[White "Kjolberg, Jens Hjorth"]
[Black "Royset, Jon Kr."]
[Result "0-1"]
[WhiteElo "2154"]
[BlackElo "2218"]
[Annotator "ChessBase"]
[PlyCount "118"]
[EventDate "2021.10.29"]
[EventType "team-tourn"]
[EventCountry "NOR"]
[SourceTitle "playchess.com"]
[Source "ChessBase"]
[SourceQuality "1"]
[TimeControl "40/5400+30:1800+30"]

1. d4 {[%emt 0:00:03]} f5 {[%emt 0:01:09]} 2. c4 {[%emt 0:00:15]} e6 {[%emt 0:00:27]} 3. g3 {[%emt 0:01:59]} Nf6 {[%emt 0:00:08]} 4. Bg2 {[%emt 0:00:23]} c6 {[%emt 0:00:51]} 5. Nf3 {[%emt 0:00:38]} d5 {[%emt 0:00:14]} 6. O-O {[%emt 0:00:04]} Bd6 {[%emt 0:00:07]} 7. Qc2 {[%emt 0:03:24]} O-O {[%emt 0:00:26]} 8. Nc3 {[%emt 0:00:11]} Qe8 {[%emt 0:01:14]} 9. Rb1 {[%emt 0:03:20]} Nbd7 {[%emt 0:10:57]} 10. b4 {[%emt 0:03:43]} Ne4 {[%emt 0:08:49]} 11. b5 {[%emt 0:02:08]} a6 {[%emt 0:03:00]} 12. bxc6 {[%emt 0:02:23]} bxc6 {[%emt 0:00:07]} 13. Bf4 {[%emt 0:17:00]} Bxf4 {[%emt 0:04:47]} 14. gxf4 {[%emt 0:00:04]} Nxc3 {[%emt 0:00:51]} 15. Qxc3 {[%emt 0:00:13]} a5 {[%emt 0:00:06]} 16. cxd5 {[%emt 0:15:24]} cxd5 {[%emt 0:00:07]} 17. Qc6 {[%emt 0:00:40]} Ra6 {[%emt 0:05:36]} 18. Qc7 {[%emt 0:03:06]} Qd8 {[%emt 0:05:00]} 19. Rfc1 {[%emt 0:00:57]} Rb6 {[%emt 0:00:53]} 20. Rxb6 {[%emt 0:05:14]} Nxb6 {[%emt 0:00:35]} 21. Ne5 {[%emt 0:05:50]} Bd7 {[%emt 0:08:26]} 22. Nxd7 {[%emt 0:08:38]} Nxd7 {[%emt 0:00:24]} 23. Qd6 {[%emt 0:00:15]} Re8 {[%emt 0:03:43]} 24. Rc7 {[%emt 0:03:20]} Nf6 {[%emt 0:02:53]} 25. Qxd8 {[%emt 0:06:56]} Rxd8 {[%emt 0:00:09]} 26. Ra7 {[%emt 0:01:14]} Rb8 {[%emt 0:01:05]} 27. Bf3 {[%emt 0:01:22]} Rb4 {[%emt 0:00:45]} 28. Rxa5 {[%emt 0:00:30]} Rxd4 {[%emt 0:00:08]} 29. e3 {[%emt 0:00:15]} Rd2 {[%emt 0:00:38]} 30. Ra4 {[%emt 0:05:39]} Kf7 {[%emt 0:00:53]} 31. a3 {[%emt 0:03:03]} Ne8 {[%emt 0:05:21]} 32. Kf1 {[%emt 0:04:47]} Ke7 {[%emt 0:00:34]} 33. Be2 {[%emt 0:00:54]} Nc7 {[%emt 0:00:49]} 34. Rb4 {[%emt 0:00:28]} Ra2 {[%emt 0:00:40]} 35. Rb3 {[%emt 0:00:23]} Ne8 {[%emt 0:03:39]} 36. Bd3 {[%emt 0:00:51]} Nd6 {[%emt 0:00:26]} 37. Rc3 {[%emt 0:00:54]} h6 {[%emt 0:03:54]} 38. h4 {[%emt 0:00:44]} Kf6 {[%emt 0:02:40]} 39. Kg2 {[%emt 0:01:00]} Ke7 {[%emt 0:05:18]} 40. Rc7+ {[%emt 0:01:10]} Kf6 {[%emt 0:01:37]} 41. Rc3 {[%emt 0:01:14]} Ke7 {[%emt 0:13:07]} 42. Rc7+ {[%emt 0:00:22]} Kd8 {[%emt 0:01:48]} 43. Rc3 {[%emt 0:05:17]} Ne8 {[%emt 0:00:42]} 44. Bc2 {[%emt 0:08:38]} Nf6 {[%emt 0:01:01]} 45. Kg3 {[%emt 0:02:49]} d4 {[%emt 0:03:22]} 46. exd4 {[%emt 0:06:39]} Nd5 {[%emt 0:00:14]} 47. Rc5 {[%emt 0:00:36]} Rxa3+ {[%emt 0:00:12]} 48. f3 {[%emt 0:00:31]} Rc3 {[%emt 0:05:49]} 49. Rxc3 {[%emt 0:02:08]} Nxc3 {[%emt 0:00:06]} 50. Kf2 {[%emt 0:02:24]} Ke7 {[%emt 0:01:31]} 51. Bb3 {[%emt 0:01:07]} Kd6 {[%emt 0:00:31]} 52. Ke3 {[%emt 0:01:22]} Nd5+ {[%emt 0:08:04]} 53. Bxd5 {[%emt 0:00:49]} exd5 {[%emt 0:00:11]} 54. Kd3 {[%emt 0:00:55]} Kc6 {[%emt 0:00:07]} 55. Kc3 {[%emt 0:00:31]} Kb5 {[%emt 0:00:06]} 56. Kb3 {[%emt 0:01:37]} h5 {[%emt 0:00:26]} 57. Kc3 {[%emt 0:00:08]} Ka4 {[%emt 0:00:06]} 58. Kc2 {[%emt 0:00:39]} Kb4 {[%emt 0:00:12]} 59. Kd3 {[%emt 0:00:07]} Kb3 {[%emt 0:00:07]} 0-1

[Event "NOR-chT Eliteserien 2021-22"]
[Site "Norway"]
[Date "2022.02.06"]
[Round "6.12"]
[White "Hobber, Anders"]
[Black "Fossan, Aleksander"]
[Result "1/2-1/2"]
[WhiteElo "2381"]
[BlackElo "2128"]
[Annotator "TA"]
[PlyCount "95"]
[EventDate "2021.10.29"]
[EventType "team-tourn"]
[EventCountry "NOR"]
[SourceTitle "playchess.com"]
[Source "ChessBase"]
[SourceQuality "1"]

{[%evp 12,95,12,-6,23,33,68,53,63,35,57,0,23,-6,-2,0,-7,-14,0,0,0,0,-18,-27,0,-30,-48,-56,-33,-49,0,0,73,17,52,54,57,56,72,65,71,74,147,0,0,-67,-68,-68,-65,-204,-110,-205,-151,-204,606,606,570,603,586,598,595,598,598,591,591,589,647,290,702,352,345,345,331,151,153,92,93,79,79,79,156,93,86,79,79,79]} 1. d4 Nf6 2. Nf3 g6 3. c3 Bg7 4. Bf4 O-O 5. h3 d6 6. Nbd2 Nbd7 {The old main line.} 7. e4 c5 {A48: 1 d4 Nf6 2 Nf3 g6: Torre, London and Colle Systems.} 8. d5 {[#]} b5 $146 ({Predecessor:} 8... Ne8 9. Be2 Nc7 10. a4 f5 11. exf5 Rxf5 12. Bh2 Nxd5 13. Qb3 Qb6 14. Qa2 e6 15. Nc4 {1-0 (66) Panjwani,R (2448)-Talukdar,R (2341) ICC INT 2021}) 9. Bxb5 Rb8 {White is slightly better.} 10. a4 {White is more active.} a6 11. Bxd7 Nxd7 12. Nc4 a5 13. O-O Ba6 14. Nfd2 f5 $1 15. Qc2 fxe4 $1 16. Qxe4 Nf6 17. Qe6+ Rf7 $1 18. Bg5 {[%cal Oc4e5]} Bc8 $1 {This bishop pair is nice.} 19. Qe2 Nxd5 20. Rfe1 Nf6 (20... h6 $15 {might be stronger.} 21. Qd3 Bb7) 21. Rad1 $11 Bf5 (21... Ba6 $11) 22. Bxf6 (22. Nf3 $16 {[%cal Of3e5] And now Nfe5! would win.} Bd7 23. Nfe5 $1 dxe5 24. Nxe5) 22... Bxf6 (22... Rxf6 {seems wilder.} 23. Qxe7 Qxe7 24. Rxe7 Re6 25. Rxe6 Bxe6 26. Nxd6 Rxb2 27. N6e4 Bd5) 23. Ne4 Bxe4 24. Qxe4 Qd7 25. Rd2 $1 Kg7 26. Nxa5 Bg5 (26... e6 $142) 27. Rd5 ({White should try} 27. Rde2 $1 $16) 27... Rf4 $1 28. Qe3 ({Better is} 28. Qc2 $11 Bh4 29. g3 Rxa4 30. gxh4 Rxa5 31. b4) 28... Rf5 $15 29. Qd3 {[%cal Ob2b4]} Rxb2 {Strongly threatening ...Rd2.} 30. f4 (30. Nc4 $15 Rbxf2 31. Ne3 Bxe3 32. Rxf5 Re2+ 33. Kf1 Rxe1+ 34. Kxe1 Qxf5 35. Qxe3) 30... Bf6 ({Weaker is} 30... Bxf4 31. Rxf5 Qxf5 32. Qxf5 gxf5 33. Nc6 $17 (33. Rxe7+ Kf6 $17)) (30... Bh4 $19 31. Re4 Rxd5 32. Qxd5 Qf5) 31. Nc4 (31. Rxf5 $17 {might work better.} Qxf5 32. Qxf5 gxf5 33. Nc6) 31... Ra2 32. Nb6 (32. Rxf5 $17 {was worth a try.} Qxf5 33. Qxf5 gxf5 34. Nb6) 32... Rxd5 $4 {[%mdl 8192]} 33. Qxd5 $18 (33. Nxd7 $2 {loses.} Rxd3 34. Nxf6 Kxf6 $19) 33... Qa7 34. Qxa2 {Black must now prevent Nd5.} Qxb6 {[%mdl 4096] Endgame KQR-KQB} 35. a5 Qa6 36. c4 Kf7 37. Rb1 Bc3 38. Rb5 d5 39. Qa4 (39. Qe2 $142) 39... Qd6 (39... Qe6 40. Kh2 Qe3) 40. Qd1 Bd4+ 41. Kh1 dxc4 42. Rb1 (42. Qf1 $18 {has better winning chances.} c3 43. Rb1) 42... Qa6 $16 43. Qe2 (43. Qa4 $142) 43... Qxa5 44. Qxc4+ Kg7 45. Qe6 Qc7 {[#]} (45... Bf6 $142) 46. Qe4 ({White should play} 46. g4 $1) 46... Bf6 47. Rc1 Qd6 48. Qc4 {Weighted Error Value: White=0.45/Black=0.36} 1/2-1/2

[Event "NOR-chT Eliteserien 2021-22"]
[Site "Norway"]
[Date "2022.02.06"]
[Round "6.12"]
[White "Machlik, Monika"]
[Black "Dahl, Max"]
[Result "1-0"]
[WhiteElo "2134"]
[BlackElo "2038"]
[Annotator "NA"]
[PlyCount "91"]
[EventDate "2021.10.29"]
[EventType "team-tourn"]
[EventCountry "NOR"]
[SourceTitle "playchess.com"]
[Source "ChessBase"]
[SourceQuality "1"]
[TimeControl "40/5400+30:1800+30"]

1. d4 {[%emt 0:00:01]} d5 {[%emt 0:00:46]} 2. c4 {[%emt 0:00:32]} e6 {[%emt 0:00:23]} 3. Nc3 {[%emt 0:02:05]} Be7 {[%emt 0:00:42]} 4. cxd5 {[%emt 0:00:22]} exd5 {[%emt 0:00:09]} 5. Bf4 {[%emt 0:00:06]} c6 {[%emt 0:00:40]} 6. e3 {[%emt 0:00:41]} Bf5 {[%emt 0:01:12]} 7. Nge2 {[%emt 0:02:16]} Nd7 {[%emt 0:03:10]} 8. Ng3 {[%emt 0:02:13]} Bg6 {[%emt 0:01:57]} 9. Be2 {[%emt 0:05:16]} Nf8 {[%emt 0:14:48]} 10. Bg4 $11 {[%emt 0:16:25]} Nf6 {[%emt 0:10:12]} 11. Bh3 {[%emt 0:02:20]} Ne6 {[%emt 0:12:37]} 12. Be5 {[%emt 0:16:23]} Ng5 {[%emt 0:07:55]} 13. Bf5 {[%emt 0:03:23]} Bxf5 {[%emt 0:09:01]} 14. Nxf5 {[%emt 0:00:10]} Bf8 {[%emt 0:06:53]} 15. h4 {[%emt 0:06:49]} Nge4 {[%emt 0:06:01]} 16. Nxe4 {[%emt 0:08:36]} Nxe4 {[%emt 0:06:19]} 17. Bxg7 {[%emt 0:04:03]} Rg8 {[%emt 0:02:57]} 18. Bxf8 {[%emt 0:02:42]} Kxf8 {[%emt 0:01:55]} 19. O-O {[%emt 0:10:32]} Qf6 {[%emt 0:02:54]} 20. Qh5 {[%emt 0:00:57]} Qg6 {[%emt 0:05:32]} 21. Qxg6 {[%emt 0:02:26]} hxg6 {[%emt 0:00:22]} 22. Ng3 {[%emt 0:00:40]} Nxg3 {[%emt 0:03:07]} 23. fxg3 {[%emt 0:00:02]} Re8 {[%emt 0:00:56]} 24. Rf3 {[%emt 0:04:13]} Re4 {[%emt 0:01:15]} 25. Raf1 {[%emt 0:00:22]} Rg7 {[%emt 0:00:43]} 26. Kf2 {[%emt 0:02:27]} Ke7 {[%emt 0:00:22]} 27. Rf4 {[%emt 0:00:48]} f5 {[%emt 0:00:36]} 28. Rxe4+ {[%emt 0:04:49]} dxe4 {[%emt 0:00:25]} 29. g4 {[%emt 0:00:59]} Ke6 {[%emt 0:00:33]} 30. Kg3 {[%emt 0:00:14]} Rf7 {[%emt 0:00:30]} 31. h5 {[%emt 0:01:43]} gxh5 {[%emt 0:00:34]} 32. Rxf5 {[%emt 0:01:14]} Rg7 {[%emt 0:00:32]} 33. Rxh5 {[%emt 0:00:23]} Kd6 {[%emt 0:00:18]} 34. Re5 {[%emt 0:00:34]} Rf7 {[%emt 0:00:35]} 35. Rxe4 {[%emt 0:00:20]} Kd5 {[%emt 0:00:11]} 36. Re5+ {[%emt 0:00:28]} Kc4 {[%emt 0:00:15]} 37. g5 {[%emt 0:00:20]} Kd3 {[%emt 0:00:27]} 38. g6 {[%emt 0:01:00]} Rg7 {[%emt 0:00:14]} 39. Re6 {[%emt 0:00:08]} Kc2 {[%emt 0:00:13]} 40. e4 {[%emt 0:00:47]} Kd3 {[%emt 0:01:44]} 41. Kf4 {[%emt 0:30:37]} Kxd4 {[%emt 0:30:25]} 42. Rd6+ {[%emt 0:00:00]} Kc5 {[%emt 0:00:00]} 43. e5 {[%emt 0:00:00]} b5 {[%emt 0:00:00]} 44. Kf5 {[%emt 0:00:00]} Rg8 {[%emt 0:00:00]} 45. Rd7 {[%emt 0:00:00]} Rf8+ {[%emt 0:00:00]} 46. Rf7 {[%emt 0:00:00]} 1-0